[Event "2nd Turkish League 2017"]
[Site "Konya"]
[Date "2017.07.23"]
[Round "9"]
[White "Mammadov, Zaur"]
[Black "Rasulov, Vugar"]
[Result "1/2-1/2"]
[WhiteElo "2420"]
[BlackElo "2517"]
[Annotator "TA"]
[PlyCount "61"]
[EventType "team-tourn"]
[EventCountry "TUR"]
[SourceTitle "playchess.com"]
[Source "ChessBase"]
[SourceQuality "1"]

1. d4 {Program Activation Required} Nf6 2. Nf3 e6 3. e3 b6 4. Bd3 Bb7 5. O-O c5 6. Nbd2 d6 7. c3 {A47: 1 d4 Nf6 2 Nf3 b6: Torre, London and Colle Systems} (7. b3 Nbd7 8. Bb2 a6 9. Qe2 g6 10. e4 cxd4 11. Nxd4 Bg7 12. c4 O-O 13. Rad1 Re8 14. b4 Nh5 {1-0 (40) Brkic,A (2573)-Martinovic,S (2515) Sarajevo 2010}) 7... Nbd7 8. Qe2 Be7 9. e4 e5 10. dxe5 dxe5 11. Nc4 Qc7 12. Bg5 b5 13. Ne3 c4 14. Bc2 O-O 15. Nf5 $146 Rfe8 16. a4 a6 17. axb5 axb5 18. Rxa8 Bxa8 19. Nxe7+ Rxe7 20. Ra1 Re8 21. Qe3 Qc5 22. Ra7 h6 23. Bxf6 Qxe3 24. fxe3 Nxf6 25. Nxe5 Bxe4 26. Bxe4 Nxe4 27. Nc6 Nc5 28. Kf2 Nd3+ 29. Ke2 Nf4+ 30. Kf2 Nd3+ 31. Ke2 1/2-1/2

[Event "2nd Turkish League 2017"]
[Site "Konya"]
[Date "2017.07.23"]
[Round "9"]
[White "Rzayev, Bahruz"]
[Black "Tasci, Onur"]
[Result "1-0"]
[WhiteElo "2386"]
[BlackElo "1989"]
[Annotator "NA"]
[PlyCount "93"]
[EventType "team-tourn"]
[EventCountry "TUR"]
[SourceTitle "playchess.com"]
[Source "ChessBase"]
[SourceQuality "1"]
[TimeControl "5400+30"]

1. Nf3 {[%emt 0:00:30]} Nf6 {[%emt 0:01:00]} 2. g3 {[%emt 0:00:00]} g6 {[%emt 0:00:30]} 3. Bg2 {[%emt 0:00:00]} Bg7 {[%emt 0:00:30]} 4. O-O {[%emt 0:00:00]} c5 {[%emt 0:01:30]} 5. c4 {[%emt 0:01:00]} O-O {[%emt 0:00:30]} 6. Nc3 {[%emt 0:00:00]} Nc6 {[%emt 0:00:30]} 7. d4 {[%emt 0:00:00]} cxd4 {[%emt 0:01:30]} 8. Nxd4 {[%emt 0:00:30]} Qb6 {[%emt 0:04:30] LiveBook: 150 Games} 9. Ndb5 {[%emt 0:10:30]} a6 {[%emt 0:06:30]} 10. Be3 {[%emt 0:00:30]} Qa5 {[%emt 0:00:30]} 11. Na3 {[%emt 0:00:30]} Qh5 {[%emt 0:08:30]} 12. Bd2 {[%emt 0:18:30]} d6 {[%emt 0:02:30]} 13. e4 {[%emt 0:00:30]} Bg4 {[%emt 0:02:30]} 14. f3 {[%emt 0:00:00]} Bd7 $11 {[%emt 0:05:30]} 15. Be3 {[%emt 0:02:00]} Rac8 {[%emt 0:05:30]} 16. Qd2 {[%emt 0:04:30]} Qa5 {[%emt 0:04:30]} 17. g4 {[%emt 0:07:30]} Be6 {[%emt 0:05:30]} 18. Qe1 {[%emt 0:26:30]} Qb4 {[%emt 0:06:30]} 19. Rf2 {[%emt 0:04:30]} Bxc4 {[%emt 0:06:30]} 20. Nxc4 {[%emt 0:01:30]} Qxc4 {[%emt 0:00:00]} 21. g5 {[%emt 0:00:00]} Nd7 {[%emt 0:02:00]} 22. Nd5 {[%emt 0:00:00]} e6 {[%emt 0:04:30]} 23. b3 {[%emt 0:01:30]} Qb5 {[%emt 0:01:30]} 24. Bf1 {[%emt 0:00:00]} Qa5 {[%emt 0:01:30]} 25. Ne7+ {[%emt 0:00:00]} Kh8 {[%emt 0:01:30]} 26. Nxc8 {[%emt 0:00:00]} Qe5 {[%emt 0:05:30]} 27. Rd1 {[%emt 0:00:00]} Rxc8 {[%emt 0:00:30]} 28. Qd2 {[%emt 0:00:30]} Nf8 {[%emt 0:01:30]} 29. Qxd6 {[%emt 0:00:30]} Qc3 {[%emt 0:00:00]} 30. Qc5 {[%emt 0:01:30]} Ne5 {[%emt 0:01:00]} 31. Qxc3 {[%emt 0:01:30]} Rxc3 {[%emt 0:00:00]} 32. Re1 {[%emt 0:00:30]} Nfd7 {[%emt 0:02:00]} 33. Kg2 {[%emt 0:00:30]} f6 {[%emt 0:01:47]} 34. gxf6 {[%emt 0:02:24]} Bxf6 {[%emt 0:00:09]} 35. Rd2 {[%emt 0:00:03]} Bh4 {[%emt 0:00:42]} 36. Ree2 {[%emt 0:01:18]} Rxe3 {[%emt 0:03:45]} 37. Rxe3 {[%emt 0:00:30]} Bg5 {[%emt 0:00:29]} 38. Rxd7 {[%emt 0:00:13]} Nxd7 {[%emt 0:00:30]} 39. Rc3 {[%emt 0:00:00]} Bf4 {[%emt 0:00:16]} 40. Rc8+ {[%emt 0:01:02]} Kg7 {[%emt 0:00:30]} 41. Bc4 {[%emt 0:00:30]} Kf7 {[%emt 0:00:00]} 42. Rd8 {[%emt 0:00:00]} Ke7 {[%emt 0:00:30]} 43. Rc8 {[%emt 0:00:00]} Be5 {[%emt 0:00:00]} 44. h4 {[%emt 0:00:46]} Nb6 {[%emt 0:00:48]} 45. Rg8 {[%emt 0:01:09]} Nd7 {[%emt 0:00:06]} 46. f4 {[%emt 0:00:35]} Kf7 {[%emt 0:01:10]} 47. fxe5 {[%emt 0:00:08]} 1-0

[Event "2nd Turkish League 2017"]
[Site "Konya"]
[Date "2017.07.23"]
[Round "9"]
[White "Yagiz, Yasin Emrah"]
[Black "Hacioglu, Berkan"]
[Result "1-0"]
[WhiteElo "2172"]
[BlackElo "1915"]
[Annotator "NA"]
[PlyCount "63"]
[EventType "team-tourn"]
[EventCountry "TUR"]
[SourceTitle "playchess.com"]
[Source "ChessBase"]
[SourceQuality "1"]
[TimeControl "5400+30"]

1. c4 {[%emt 0:00:30]} c5 {[%emt 0:01:00]} 2. Nc3 {[%emt 0:00:30]} Nc6 {[%emt 0:00:30]} 3. g3 {[%emt 0:00:30]} g6 {[%emt 0:00:30]} 4. Bg2 {[%emt 0:00:30]} Bg7 {[%emt 0:00:30]} 5. e3 {[%emt 0:00:30]} Nf6 {[%emt 0:03:30]} 6. Nge2 {[%emt 0:00:30]} O-O {[%emt 0:00:30]} 7. O-O {[%emt 0:00:00]} d6 {[%emt 0:01:30]} 8. a3 {[%emt 0:01:00]} Rb8 {[%emt 0:09:30]} 9. b4 {[%emt 0:07:30] A36: Symmetrical English vs ...g6: 4 Bg2 Bg7} (9. Rb1 e5 10. b4 Be6 11. Qb3 Ne7 12. Nd5 cxb4 13. axb4 b5 14. Nec3 bxc4 15. Qxc4 Qd7 16. Nxf6+ Bxf6 {0-1 (51) Maghsoodloo,P (2447)-Dalir,A (2297) Hamedan 2015}) 9... Ne5 {[%emt 0:09:30]} 10. d3 {[%emt 0:01:30]} a6 {[%emt 0:04:30]} 11. f4 $146 {[%emt 0:02:30]} ({Predecessor:} 11. Rb1 cxb4 12. axb4 b5 13. cxb5 axb5 14. Nf4 Bb7 15. Ra1 Bxg2 16. Kxg2 {0-1 (76) Moeller,H (1597)-Grund,S (1791) Hannover 2014}) 11... Ned7 {[%emt 0:04:30]} 12. Rb1 {[%emt 0:06:30]} cxb4 {[%emt 0:19:30]} 13. Rxb4 {[%emt 0:03:30]} Qc7 {[%emt 0:06:30]} 14. h3 {[%emt 0:04:30]} b6 {[%emt 0:00:30]} 15. Kh2 {[%emt 0:00:30]} Bb7 {[%emt 0:00:30]} 16. e4 {[%emt 0:00:30]} e6 {[%emt 0:01:30]} 17. Be3 {[%emt 0:03:30]} Ba8 {[%emt 0:10:30]} 18. Qd2 {[%emt 0:00:30]} Rfd8 {[%emt 0:01:30]} 19. g4 {[%emt 0:04:30]} Nf8 {[%emt 0:03:38]} 20. Rfb1 {[%emt 0:09:30]} N6d7 {[%emt 0:00:22]} 21. Kh1 {[%emt 0:03:30]} Nc5 {[%emt 0:02:45]} 22. Ng3 $14 {[%emt 0:05:30]} a5 {[%emt 0:01:35]} 23. R4b2 {[%emt 0:06:30]} Bxc3 {[%emt 0:01:22]} 24. Qxc3 {[%emt 0:00:30]} Na4 {[%emt 0:00:30]} 25. Qf6 {[%emt 0:00:30]} Nxb2 {[%emt 0:01:10]} 26. Bd4 {[%emt 0:00:30]} e5 {[%emt 0:00:36]} 27. fxe5 {[%emt 0:01:30]} dxe5 {[%emt 0:04:21]} 28. Bxe5 {[%emt 0:01:30]} Qxe5 {[%emt 0:00:30]} 29. Qxe5 {[%emt 0:00:30]} Nxd3 {[%emt 0:00:00]} 30. Qc3 {[%emt 0:01:30]} Nf4 {[%emt 0:00:14]} 31. h4 {[%emt 0:03:30]} Rd3 {[%emt 0:01:01]} 32. Qe5 {[%emt 0:00:30]} 1-0

[Event "2nd Turkish League 2017"]
[Site "Konya"]
[Date "2017.07.23"]
[Round "9"]
[White "Kerem, Halil Ozgun"]
[Black "Bori, Ekin Sukru"]
[Result "1/2-1/2"]
[WhiteElo "2074"]
[BlackElo "1597"]
[Annotator "NA"]
[PlyCount "61"]
[EventType "team-tourn"]
[EventCountry "TUR"]
[SourceTitle "playchess.com"]
[Source "ChessBase"]
[SourceQuality "1"]
[TimeControl "5400+30"]

1. Nf3 {[%emt 0:00:30]} c5 {[%emt 0:02:00]} 2. g3 {[%emt 0:00:30]} g6 {[%emt 0:01:30]} 3. Bg2 {[%emt 0:00:30]} Bg7 {[%emt 0:00:00]} 4. c4 {[%emt 0:00:00]} Nc6 {[%emt 0:00:00]} 5. Nc3 {[%emt 0:00:00]} d6 {[%emt 0:01:30]} 6. O-O {[%emt 0:00:00]} e5 {[%emt 0:00:30]} 7. a3 {[%emt 0:00:00]} Nge7 {[%emt 0:02:30]} 8. d3 {[%emt 0:01:30] LiveBook: 342 Games} O-O $11 {[%emt 0:01:30]} 9. Rb1 {[%emt 0:00:30]} a5 {[%emt 0:01:30]} 10. Bd2 {[%emt 0:00:30]} Rb8 {[%emt 0:05:30]} 11. Ne1 {[%emt 0:05:30]} Bd7 {[%emt 0:15:30]} 12. Nc2 {[%emt 0:07:30]} Nd4 {[%emt 0:03:30]} 13. b4 {[%emt 0:09:30]} axb4 {[%emt 0:00:30]} 14. axb4 {[%emt 0:00:30]} Bc6 {[%emt 0:01:30]} 15. Nxd4 {[%emt 0:21:30]} cxd4 {[%emt 0:02:30]} 16. Nd5 {[%emt 0:12:30]} Nxd5 {[%emt 0:01:30]} 17. cxd5 {[%emt 0:01:30]} Bb5 {[%emt 0:00:30]} 18. Rc1 {[%emt 0:00:30]} Qd7 {[%emt 0:01:30]} 19. Qc2 {[%emt 0:00:30]} Rbc8 {[%emt 0:03:30]} 20. Qa2 {[%emt 0:01:30]} f5 {[%emt 0:02:30]} 21. f3 {[%emt 0:04:30]} b6 {[%emt 0:07:30]} 22. Rxc8 {[%emt 0:02:30]} Rxc8 {[%emt 0:00:30]} 23. Rc1 {[%emt 0:00:00]} Rxc1+ {[%emt 0:03:30]} 24. Bxc1 {[%emt 0:00:00]} Ba4 {[%emt 0:00:00]} 25. Qc4 {[%emt 0:00:30]} Bb5 {[%emt 0:00:00]} 26. Qa2 {[%emt 0:00:30]} Ba4 {[%emt 0:00:30]} 27. Qc4 {[%emt 0:01:30]} Bb5 {[%emt 0:00:00]} 28. Qa2 {[%emt 0:04:30]} Ba4 {[%emt 0:00:00]} 29. Qc4 {[%emt 0:00:30]} Bb5 {[%emt 0:00:30]} 30. Qa2 {[%emt 0:00:30]} Ba4 {[%emt 0:00:30]} 31. Qc4 {[%emt 0:00:00]} 1/2-1/2

[Event "2nd Turkish League 2017"]
[Site "Konya"]
[Date "2017.07.23"]
[Round "9"]
[White "Bayrak, Asli"]
[Black "Salt, Ilayda"]
[Result "1-0"]
[WhiteElo "2056"]
[BlackElo "1544"]
[Annotator "NA"]
[PlyCount "95"]
[EventType "team-tourn"]
[EventCountry "TUR"]
[SourceTitle "playchess.com"]
[Source "ChessBase"]
[SourceQuality "1"]
[TimeControl "5400+30"]

1. e4 {[%emt 0:00:30]} e6 {[%emt 0:01:00]} 2. d4 {[%emt 0:00:30]} d5 {[%emt 0:00:30]} 3. e5 {[%emt 0:00:00]} c5 {[%emt 0:00:00]} 4. c3 {[%emt 0:00:00]} cxd4 {[%emt 0:04:00]} 5. cxd4 {[%emt 0:00:00]} Nc6 {[%emt 0:00:00]} 6. Nf3 {[%emt 0:02:00]} Bd7 {[%emt 0:01:00]} 7. Nc3 {[%emt 0:00:30]} Rc8 {[%emt 0:01:30]} 8. Be2 {[%emt 0:03:30]} Nge7 {[%emt 0:01:30]} 9. O-O {[%emt 0:02:30]} Nf5 {[%emt 0:02:30]} 10. a3 {[%emt 0:02:30] C02: French: Advance Variation} Na5 {[%emt 0:04:30]} (10... a6 $11 {remains equal.} 11. Rb1 h6 12. Kh1 b5 13. Be3 Na5 14. Bd3 g6 15. Bc1 Nh4 16. Ne1 Nc4 17. Ne2 Nf5 18. Nc2 Na5 {1-0 (37) Rapport,R (2671)-Sandipan,C (2585) Abu Dhabi 2015}) 11. Bd3 $146 {[%emt 0:07:30]} ({Predecessor:} 11. Bb5 Bxb5 12. Nxb5 a6 13. Bg5 Qb6 14. Rc1 Rxc1 15. Qxc1 Nc6 {0-1 (15) Moser,L-Brennenstuhl,O Germany 1997}) 11... Nh4 {[%emt 0:09:30]} 12. Ng5 {[%emt 0:01:30]} g6 {[%emt 0:17:30]} 13. g3 {[%emt 0:08:30]} h6 {[%emt 0:02:30]} 14. Nh3 {[%emt 0:12:30]} Nf5 {[%emt 0:03:30]} 15. Bxf5 {[%emt 0:07:30]} gxf5 {[%emt 0:00:30]} 16. Nf4 {[%emt 0:02:30]} Be7 {[%emt 0:03:30]} 17. Qh5 {[%emt 0:00:30]} Nb3 {[%emt 0:06:30]} 18. Rb1 {[%emt 0:05:30]} Nxd4 {[%emt 0:07:30]} 19. Rd1 {[%emt 0:06:30]} Nb3 {[%emt 0:03:30]} 20. Ncxd5 {[%emt 0:00:30]} Nxc1 {[%emt 0:12:12]} 21. Rbxc1 $16 {[%emt 0:01:30]} Rxc1 {[%emt 0:01:09]} 22. Rxc1 {[%emt 0:00:00]} Bg5 {[%emt 0:05:21]} 23. h4 {[%emt 0:07:00]} Bxf4 {[%emt 0:04:43]} 24. Nxf4 {[%emt 0:00:30]} Kf8 {[%emt 0:00:30]} 25. Qd1 {[%emt 0:01:30]} Ke8 {[%emt 0:04:00]} 26. Nh5 {[%emt 0:00:30]} Bc6 {[%emt 0:01:01]} 27. Nf6+ {[%emt 0:01:30]} Ke7 {[%emt 0:00:08]} 28. b4 {[%emt 0:11:11]} a6 {[%emt 0:01:14]} 29. Qc2 {[%emt 0:08:32]} Qc7 {[%emt 0:00:56]} 30. Qc5+ {[%emt 0:01:25]} Kd8 {[%emt 0:00:43]} 31. a4 {[%emt 0:00:31]} Qe7 {[%emt 0:01:25]} 32. Rd1+ {[%emt 0:00:38]} Bd5 {[%emt 0:00:29]} 33. Qa7 {[%emt 0:02:09]} Qc7 {[%emt 0:01:33]} 34. Qa8+ {[%emt 0:00:14]} Qc8 {[%emt 0:00:21]} 35. Qxc8+ {[%emt 0:00:30]} Kxc8 {[%emt 0:00:30]} 36. Nxd5 {[%emt 0:00:30]} exd5 {[%emt 0:00:30]} 37. Rxd5 {[%emt 0:00:00]} Re8 {[%emt 0:00:00]} 38. Kg2 {[%emt 0:00:03]} Re6 {[%emt 0:00:00]} 39. Kf3 {[%emt 0:00:00]} Kc7 {[%emt 0:01:44]} 40. Kf4 {[%emt 0:00:07]} Kc6 {[%emt 0:00:20]} 41. Rc5+ {[%emt 0:00:06]} Kb6 {[%emt 0:00:00]} 42. Kxf5 {[%emt 0:00:34]} Rg6 {[%emt 0:00:33]} 43. a5+ {[%emt 0:00:35]} Ka7 {[%emt 0:00:30]} 44. Rc7 {[%emt 0:00:00]} Rg8 {[%emt 0:00:30]} 45. Rxf7 {[%emt 0:00:13]} Rd8 {[%emt 0:00:03]} 46. Ke6 {[%emt 0:01:09]} Rd4 {[%emt 0:00:16]} 47. Rf4 {[%emt 0:00:00]} Rd2 {[%emt 0:00:59]} 48. Kf7 {[%emt 0:00:07]} 1-0

[Event "2nd Turkish League 2017"]
[Site "Konya"]
[Date "2017.07.23"]
[Round "9"]
[White "Alaz, Ahmet Efekan"]
[Black "Yalim, Suleyman"]
[Result "1/2-1/2"]
[WhiteElo "2015"]
[BlackElo "2039"]
[Annotator "NA"]
[PlyCount "65"]
[EventType "team-tourn"]
[EventCountry "TUR"]
[SourceTitle "playchess.com"]
[Source "ChessBase"]
[SourceQuality "1"]
[TimeControl "5400+30"]

1. e4 {[%emt 0:00:30]} c5 {[%emt 0:01:00]} 2. Nf3 {[%emt 0:00:00]} d6 {[%emt 0:00:30]} 3. d4 {[%emt 0:00:00]} cxd4 {[%emt 0:00:00]} 4. Nxd4 {[%emt 0:00:30]} Nf6 {[%emt 0:00:00]} 5. Nc3 {[%emt 0:00:00]} g6 {[%emt 0:01:30]} 6. Be2 {[%emt 0:00:00]} Bg7 {[%emt 0:00:00]} 7. Be3 {[%emt 0:00:30]} O-O {[%emt 0:00:00]} 8. O-O {[%emt 0:03:30]} Nc6 {[%emt 0:04:30]} 9. Qd2 {[%emt 0:03:30]} Bd7 {[%emt 0:01:30] LiveBook: 122 Games} 10. f3 {[%emt 0:04:30]} Rc8 {[%emt 0:02:30]} 11. Rad1 {[%emt 0:01:30]} Re8 $11 {[%emt 0:03:30]} 12. Kh1 {[%emt 0:02:30]} Ne5 {[%emt 0:01:30]} 13. Nd5 {[%emt 0:01:30]} Nc4 {[%emt 0:08:30]} 14. Bxc4 {[%emt 0:00:30]} Rxc4 {[%emt 0:00:30]} 15. b3 {[%emt 0:00:30]} Rc8 {[%emt 0:00:30]} 16. c4 {[%emt 0:00:30]} a6 {[%emt 0:00:30]} 17. Bh6 {[%emt 0:00:30]} Nxd5 {[%emt 0:02:30]} 18. Bxg7 {[%emt 0:00:30]} Kxg7 {[%emt 0:00:30]} 19. cxd5 {[%emt 0:00:30]} Qb6 {[%emt 0:00:30]} 20. Rc1 {[%emt 0:00:30]} Rxc1 {[%emt 0:00:30]} 21. Rxc1 {[%emt 0:00:00]} Rc8 {[%emt 0:00:00]} 22. Rxc8 {[%emt 0:01:00]} Bxc8 {[%emt 0:00:00]} 23. Qc3 {[%emt 0:00:30]} f6 {[%emt 0:00:30]} 24. h3 {[%emt 0:00:30]} Qc5 {[%emt 0:00:30]} 25. Ne2 {[%emt 0:00:30]} Bd7 {[%emt 0:00:30]} 26. Qxc5 {[%emt 0:00:30]} dxc5 {[%emt 0:00:00]} 27. Kg1 {[%emt 0:00:30]} Kf7 {[%emt 0:06:00]} 28. Kf2 {[%emt 0:00:30]} Ke8 {[%emt 0:00:00]} 29. Ke3 {[%emt 0:00:00]} Kd8 {[%emt 0:00:00]} 30. f4 {[%emt 0:00:00]} Kc7 {[%emt 0:00:30]} 31. Nc3 {[%emt 0:01:30]} b5 {[%emt 0:00:30]} 32. Kd3 {[%emt 0:00:00]} Kb6 {[%emt 0:01:30]} 33. Nd1 {[%emt 0:00:00]} 1/2-1/2

[Event "2nd Turkish League 2017"]
[Site "Konya"]
[Date "2017.07.23"]
[Round "9"]
[White "Ibik, Halit Yavuz"]
[Black "Aktas, Ilker"]
[Result "1/2-1/2"]
[WhiteElo "2004"]
[BlackElo "1905"]
[Annotator "NA"]
[PlyCount "46"]
[EventType "team-tourn"]
[EventCountry "TUR"]
[SourceTitle "playchess.com"]
[Source "ChessBase"]
[SourceQuality "1"]
[TimeControl "5400+30"]

1. e4 {[%emt 0:00:30]} c5 {[%emt 0:01:00]} 2. Nf3 {[%emt 0:00:00]} d6 {[%emt 0:00:30]} 3. d4 {[%emt 0:00:00]} cxd4 {[%emt 0:00:30]} 4. Qxd4 {[%emt 0:00:00]} Nc6 {[%emt 0:00:00]} 5. Bb5 {[%emt 0:00:00]} Nf6 {[%emt 0:00:00]} 6. Nc3 {[%emt 0:00:30]} e6 {[%emt 0:00:30]} 7. e5 {[%emt 0:01:30]} dxe5 {[%emt 0:03:30]} 8. Qxd8+ {[%emt 0:01:30]} Kxd8 {[%emt 0:03:30]} 9. Bxc6 {[%emt 0:00:30]} bxc6 {[%emt 0:00:30]} 10. Nxe5 {[%emt 0:00:00]} Ke8 {[%emt 0:00:30]} 11. Be3 {[%emt 0:02:00]} Nd5 $11 {[%emt 0:00:30]} 12. Ne4 {[%emt 0:03:30]} Nxe3 {[%emt 0:01:30]} 13. fxe3 {[%emt 0:00:30]} f5 {[%emt 0:02:30]} 14. Nd2 {[%emt 0:00:30]} Ba6 {[%emt 0:05:30]} 15. O-O-O {[%emt 0:03:30]} Rc8 {[%emt 0:01:30]} 16. Ndc4 {[%emt 0:00:30]} Bxc4 {[%emt 0:01:30]} 17. Nxc4 {[%emt 0:00:00]} Bc5 {[%emt 0:00:30]} 18. Rd3 {[%emt 0:01:00]} Ke7 {[%emt 0:01:30]} 19. Ne5 {[%emt 0:00:30]} Bd6 {[%emt 0:01:30]} 20. Nc4 {[%emt 0:00:30]} Bc5 {[%emt 0:00:30]} 21. Ne5 {[%emt 0:00:30]} Bd6 {[%emt 0:00:30]} 22. Nc4 {[%emt 0:00:30]} Bc5 {[%emt 0:00:30]} 23. Ne5 {[%emt 0:00:30]} Bd6 {[%emt 0:00:30]} 1/2-1/2

[Event "2nd Turkish League 2017"]
[Site "Konya"]
[Date "2017.07.23"]
[Round "9"]
[White "Okay, Ilkin Ege"]
[Black "Acar, Cengiz Can"]
[Result "1-0"]
[WhiteElo "1973"]
[BlackElo "1676"]
[Annotator "NA"]
[PlyCount "77"]
[EventType "team-tourn"]
[EventCountry "TUR"]
[SourceTitle "playchess.com"]
[Source "ChessBase"]
[SourceQuality "1"]
[TimeControl "5400+30"]

1. e4 {[%emt 0:00:30]} d5 {[%emt 0:00:00]} 2. exd5 {[%emt 0:00:00]} Qxd5 {[%emt 0:01:30]} 3. Nc3 {[%emt 0:00:00]} Qd6 {[%emt 0:00:00]} 4. d4 {[%emt 0:00:30]} c6 {[%emt 0:00:00] LiveBook: 348 Games} 5. Nf3 {[%emt 0:02:30]} Bg4 {[%emt 0:00:00]} 6. Be2 {[%emt 0:00:30]} Nd7 {[%emt 0:00:00]} 7. O-O {[%emt 0:00:30]} Ngf6 {[%emt 0:00:30]} 8. h3 {[%emt 0:00:30]} Bh5 {[%emt 0:00:00]} 9. g3 {[%emt 0:00:00]} e6 {[%emt 0:00:00]} 10. Bf4 {[%emt 0:00:00]} Qb4 {[%emt 0:00:00]} 11. a3 {[%emt 0:01:30]} Qb6 {[%emt 0:00:00]} 12. Na4 $14 {[%emt 0:04:30]} Qd8 {[%emt 0:02:30]} 13. b4 {[%emt 0:01:30]} Nd5 {[%emt 0:04:30]} 14. Bd2 {[%emt 0:02:30]} b5 {[%emt 0:21:30]} 15. Nc5 {[%emt 0:04:30]} N7b6 {[%emt 0:04:30]} 16. g4 {[%emt 0:11:30]} Bg6 {[%emt 0:01:30]} 17. Ne5 {[%emt 0:00:00]} Qh4 {[%emt 0:16:30]} 18. Kg2 {[%emt 0:04:00]} Rc8 {[%emt 0:00:30]} 19. Nxc6 {[%emt 0:09:30]} Bd6 {[%emt 0:08:30]} 20. Nxa7 {[%emt 0:06:30]} O-O {[%emt 0:02:30]} 21. Nxc8 {[%emt 0:01:30]} Rxc8 {[%emt 0:00:00]} 22. Bf3 {[%emt 0:28:30]} Bf4 {[%emt 0:17:00]} 23. Re1 {[%emt 0:08:14]} Qg5 {[%emt 0:15:57]} 24. Bxf4 {[%emt 0:07:49]} Nxf4+ {[%emt 0:00:30]} 25. Kg3 {[%emt 0:02:11]} Nc4 {[%emt 0:04:17]} 26. Qc1 {[%emt 0:00:54]} Nh5+ {[%emt 0:00:42]} 27. Kh2 {[%emt 0:00:17]} Qh4 {[%emt 0:00:21]} 28. gxh5 {[%emt 0:01:10]} Qxf2+ {[%emt 0:00:30]} 29. Bg2 {[%emt 0:00:00]} Nd2 {[%emt 0:00:20]} 30. Rf1 {[%emt 0:01:32]} Nxf1+ {[%emt 0:01:01]} 31. Qxf1 {[%emt 0:00:01]} Qxf1 {[%emt 0:00:35]} 32. Bxf1 {[%emt 0:00:08]} Bxc2 {[%emt 0:00:29]} 33. Bxb5 {[%emt 0:00:30]} Rd8 {[%emt 0:00:00]} 34. Rc1 {[%emt 0:00:00]} Bf5 {[%emt 0:00:49]} 35. Rd1 {[%emt 0:00:09]} e5 {[%emt 0:00:56]} 36. d5 {[%emt 0:00:30]} Kf8 {[%emt 0:00:00]} 37. Bc6 {[%emt 0:00:14]} Bc8 {[%emt 0:00:16]} 38. b5 {[%emt 0:00:12]} f5 {[%emt 0:00:30]} 39. b6 {[%emt 0:00:00]} 1-0

[Event "2nd Turkish League 2017"]
[Site "Konya"]
[Date "2017.07.23"]
[Round "9"]
[White "Kuruz, Yusuf"]
[Black "Yasin, Hur"]
[Result "1/2-1/2"]
[WhiteElo "1906"]
[BlackElo "2022"]
[Annotator "NA"]
[PlyCount "28"]
[EventType "team-tourn"]
[EventCountry "TUR"]
[SourceTitle "playchess.com"]
[Source "ChessBase"]
[SourceQuality "1"]
[TimeControl "5400+30"]

1. e4 {[%emt 0:00:30]} e5 {[%emt 0:01:00]} 2. Nf3 {[%emt 0:00:00]} Nc6 {[%emt 0:00:00]} 3. Bb5 {[%emt 0:01:00]} a6 {[%emt 0:00:00]} 4. Ba4 {[%emt 0:00:30]} Nf6 {[%emt 0:00:30]} 5. O-O {[%emt 0:00:30]} Be7 {[%emt 0:00:30]} 6. Re1 {[%emt 0:00:30]} b5 {[%emt 0:00:30]} 7. Bb3 {[%emt 0:00:00]} O-O {[%emt 0:00:00]} 8. h3 {[%emt 0:01:00]} d6 {[%emt 0:00:00]} 9. c3 {[%emt 0:00:00]} Nb8 {[%emt 0:00:30]} 10. d4 {[%emt 0:05:00]} Nbd7 $14 {[%emt 0:00:00] LiveBook: 3880 Games} 11. Nbd2 {[%emt 0:13:30]} Re8 {[%emt 0:00:00]} 12. Ng5 {[%emt 0:00:30]} Rf8 {[%emt 0:00:30]} 13. Ngf3 {[%emt 0:01:30]} Re8 {[%emt 0:00:30]} 14. Ng5 {[%emt 0:00:30]} Rf8 {[%emt 0:00:30]} 1/2-1/2

[Event "2nd Turkish League 2017"]
[Site "Konya"]
[Date "2017.07.23"]
[Round "9"]
[White "Acar, Utku Cengiz"]
[Black "Birgul, Utku"]
[Result "1-0"]
[WhiteElo "1863"]
[BlackElo "1441"]
[Annotator "NA"]
[PlyCount "55"]
[EventType "team-tourn"]
[EventCountry "TUR"]
[SourceTitle "playchess.com"]
[Source "ChessBase"]
[SourceQuality "1"]
[TimeControl "5400+30"]

1. e4 {[%emt 0:00:30]} c5 {[%emt 0:01:00]} 2. Nf3 {[%emt 0:00:00]} e6 {[%emt 0:00:30]} 3. d4 {[%emt 0:01:00]} cxd4 {[%emt 0:00:30]} 4. Nxd4 {[%emt 0:00:30]} a6 {[%emt 0:00:00]} 5. Nc3 {[%emt 0:00:00]} Qc7 {[%emt 0:00:00]} 6. g3 {[%emt 0:01:00]} b5 {[%emt 0:01:30]} 7. Bg2 {[%emt 0:02:30]} Bb7 {[%emt 0:00:30]} 8. O-O {[%emt 0:05:30]} d6 {[%emt 0:06:30]} 9. a4 {[%emt 0:06:30] LiveBook: 3 Games} b4 {[%emt 0:14:30] [#]} 10. Na2 $16 {[%emt 0:00:30]} e5 {[%emt 0:02:30]} 11. Nf5 {[%emt 0:11:30]} g6 {[%emt 0:05:30]} 12. Ne3 {[%emt 0:02:30]} a5 {[%emt 0:04:30]} 13. c3 {[%emt 0:04:30]} Na6 {[%emt 0:13:30]} 14. Nd5 {[%emt 0:20:30]} Bxd5 {[%emt 0:01:30]} 15. Qxd5 {[%emt 0:00:00]} Rb8 {[%emt 0:01:30]} 16. cxb4 {[%emt 0:01:00]} Nxb4 {[%emt 0:01:30]} 17. Nxb4 {[%emt 0:00:30]} axb4 {[%emt 0:00:30]} 18. Be3 {[%emt 0:04:30]} Nf6 {[%emt 0:04:30]} 19. Qd3 {[%emt 0:00:30]} Be7 {[%emt 0:04:30]} 20. Rfc1 {[%emt 0:08:30]} Qd7 {[%emt 0:05:30]} 21. Bh6 {[%emt 0:03:30]} Bf8 {[%emt 0:04:30]} 22. Bd2 {[%emt 0:01:30]} Be7 {[%emt 0:02:30]} 23. Rc4 {[%emt 0:01:30]} b3 {[%emt 0:03:30]} 24. Rc3 {[%emt 0:03:30]} Qb7 {[%emt 0:02:10]} 25. Rac1 {[%emt 0:01:51]} Qa8 {[%emt 0:04:49]} 26. Rc7 {[%emt 0:05:22]} Nd7 {[%emt 0:05:55]} 27. Bh3 {[%emt 0:01:45]} Nb6 {[%emt 0:02:25]} 28. Qb5+ {[%emt 0:04:13]} 1-0